| 000 | 00582nam a2200193Ia 4500 | ||
|---|---|---|---|
| 003 | LDD | ||
| 008 | 181029s9999 xx 000 0 und d | ||
| 020 |
_a8185589461 _c695.00 |
||
| 040 | _cLDD | ||
| 100 | _aRamachandra, T.V. | ||
| 245 | 0 |
_aSoil and groundwater pollution from agricultural activities _cT.V. Ramachandra |
|
| 260 |
_aNew Delhi _bCapital Publishing _c2006 |
||
| 300 | _axiv, 331p. | ||
| 365 | _b695.00 | ||
| 901 |
_a3774 _b01-02-2007 |
||
| 902 |
_a11529 _b09-02-2007 _cF _dGBH _e62 |
||
| 903 |
_aDiscount-10 _bReqst by : Vyas, |
||
| 942 |
_2ddc _cBK |
||
| 999 |
_c77840 _d77840 |
||